QUEST Central Library Banner

Design & Fabrication of Flat Plate Wind Power Model (Record no. 58551)

MARC details
000 -LEADER
fixed length control field 00381nam a2200145Ia 4500
100 ## - MAIN ENTRY--AUTHOR NAME
Personal name 09ME09
100 ## - MAIN ENTRY--AUTHOR NAME
Personal name Sayed Willayat Hussain
245 #0 - TITLE STATEMENT
Title Design & Fabrication of Flat Plate Wind Power Model
260 ## - PUBLICATION, DISTRIBUTION, ETC. (IMPRINT)
Name of publisher QUEST
260 ## - PUBLICATION, DISTRIBUTION, ETC. (IMPRINT)
Year of publication 2009
300 ## - PHYSICAL DESCRIPTION
Number of Pages 61
700 ## - ADDED ENTRY--PERSONAL NAME
Personal name Department of Mechanical Engineering
Holdings
Withdrawn status Lost status Home library Current library Date acquired Accession Number Koha item type
    Central Library, QUEST, Nawabshah Research Section 25/04/2018 MEP/23-278 Thesis and Dissertation

Copyright © 2018,The QUEST, Nawabshah, Shaheed Benazirabad. All rights reserved
Mr. G. Farooq Channar (Librarian) QUEST, Nawabshah, Sindh, Pakistan 67480.
 Ph#: |   0244-9370381-4 Ext. 2308   Email| lib@quest.edu.pk   Web|  http://www.quest.edu.pk